• 首页
  • 本馆介绍
  • 公告通知
  • 最新文献
  • 馆藏检索
  • 电子资源
  • 读者荐购
  • 参考咨询
  • CALIS
  • 我的图书馆
  • 登录
  • 详细信息显示
  • 放入我的书架
  • 预约/预借图书
  • 作者相关作品
  • 分类相关作品
  • 丛书相关作品
  • 出版社相关作品

书目信息

  • 表格格式
  • 工作单格式
  • 卡片格式
题名:
下肢外骨骼机器人控制技术与应用
    
 
作者: 杨勇 , 黄德青 , 马磊 著
分册:  
出版信息: 北京   机械工业出版社  2025.04
页数: 293页, [8] 页图版
开本: 24cm
丛书名:
单 册:
中图分类: TP242
科图分类:
主题词: 下肢--xia zhi--仿生机器人--机器人控制
电子资源:
ISBN: 978-7-111-77534-8
 
 
 
 
 
000 01378nam0 2200289 450
001 90377
005 20250815175124.64
010    @a978-7-111-77534-8@dCNY99.00
100    @a20250514d2025 em y0chiy50 ea
101 0  @achi
102    @aCN@b110000
105    @aaf a 000yy
106    @ar
200 1  @a下肢外骨骼机器人控制技术与应用@Axia zhi wai gu ge ji qi ren kong zhi ji shu yu ying yong@f杨勇, 黄德青, 马磊著
210    @a北京@c机械工业出版社@d2025.04
215    @a293页, [8] 页图版@c图@d24cm
300    @a机工电气
314    @a杨勇, 工学博士, 西华大学电气与电子信息学院副教授, 硕士研究生导师, 自动化系主任。主持国家自然科学基金、四川省自然科学基金、军工及企事业委托项目等十余项。发表SCI、EI论文30余篇。
320    @a有书目
330    @a本书共8章。第1章介绍了外骨骼机器人的概念、发展和主要控制方法 ; 第2章介绍了下肢外骨骼机器人的建模 ; 第3章介绍了外骨骼机器人自适应迭代学习控制方法 ; 第4章介绍了外骨骼机器人自适应阻抗控制方法 ; 第5章介绍了液压驱动外骨骼机器人的控制技术 ; 第6章介绍了受非线性约束的外骨骼机器人控制技术 ; 第7章介绍了具有柔性关节的外骨骼控制技术 ; 第8章介绍了外骨骼系统实现与应用的两个案例。
606 0  @a下肢@Axia zhi@x仿生机器人@x机器人控制
690    @aTP242@v5
701  0 @a杨勇@Ayang yong@4著
701  0 @a黄德青@Ahuang de qing@4著
701  0 @a马磊@Ama lei@4著
801  0 @aCN@c20250909
905    @a河南城建学院图书馆@dTP242@eY322@f1
    
    下肢外骨骼机器人控制技术与应用/杨勇, 黄德青, 马磊著.-北京:机械工业出版社,2025.04
    293页, [8] 页图版:图;24cm
    机工电气
    
    ISBN 978-7-111-77534-8:CNY99.00
    本书共8章。第1章介绍了外骨骼机器人的概念、发展和主要控制方法 ; 第2章介绍了下肢外骨骼机器人的建模 ; 第3章介绍了外骨骼机器人自适应迭代学习控制方法 ; 第4章介绍了外骨骼机器人自适应阻抗控制方法 ; 第5章介绍了液压驱动外骨骼机器人的控制技术 ; 第6章介绍了受非线性约束的外骨骼机器人控制技术 ; 第7章介绍了具有柔性关节的外骨骼控制技术 ; 第8章介绍了外骨骼系统实现与应用的两个案例。
●
相关链接 在E读中查询图书 在当当中查询图书 在豆瓣中查询图书


正题名:下肢外骨骼机器人控制技术与应用     索取号:TP242/Y322         预约/预借

序号 登录号 条形码 馆藏地/架位号 状态 备注
1 1624339   216243394   自科库301/ [索取号:TP242/Y322] 在馆    
河南城建学院图书馆 欢迎您!
大连网信软件有限公司© 版权所有